New Dimensions in Shopping Centers and Stores /
Guardado en:
| Autor principal: | |
|---|---|
| Formato: | Libro |
| Lenguaje: | inglés |
| Publicado: |
New York :
McGraw-Hill, Inc.
1973
|
| Edición: | 1. vydanie |
| Materias: | |
| Etiquetas: |
Sin Etiquetas, Sea el primero en etiquetar este registro!
|
MARC
| LEADER | 00000nam a22000003a 4500 | ||
|---|---|---|---|
| 001 | 0115318 | ||
| 003 | SK-STU | ||
| 005 | 20250514141750.6 | ||
| 007 | ta | ||
| 008 | 250514s ----xo-----e------000-0-----d | ||
| 020 | |a 0-07-051368-6 | ||
| 040 | |a STU |b slo | ||
| 041 | 0 | |a eng | |
| 044 | |a xxk | ||
| 100 | 1 | |a Redstone, Louis G. |4 aut | |
| 245 | 1 | 0 | |a New Dimensions in Shopping Centers and Stores / |c aut. Louis G Redstone |
| 250 | |a 1. vydanie | ||
| 260 | |a New York : |b McGraw-Hill, Inc. |c 1973 | ||
| 300 | |a 323 s. | ||
| 650 | 0 | 7 | |a občianska vybavenosť |
| 650 | 0 | 7 | |a nákupné centrum |
| 650 | 0 | 7 | |a shopping malls |
| 650 | 0 | 7 | |a architektúra svetová |
| 650 | 0 | 7 | |a architektúra interiéru |
| 650 | 0 | 7 | |a exteriér |
| 650 | 0 | 7 | |a architektonické navrhovanie |
| 650 | 0 | 7 | |a stavebné konštrukcie |
| 650 | 0 | 7 | |a domy obchodné |
| 996 | |b 284AU10361 |c A* 13593/U |l AAKNAR |s A |a 24 |w 0115318_0001 | ||